| 000 | 02325nam a22003617a 4500 | ||
|---|---|---|---|
| 005 | 20121025120229.0 | ||
| 008 | 121025t xxu||||| |||| 00| 0 eng d | ||
| 010 | _aENG-106134 | ||
| 020 |
_a9781259028731 _c225.00 |
||
| 020 |
_a1259028739 _c225.00 |
||
| 035 | _aEN-89667 | ||
| 037 | _bDBAD/PUB | ||
| 040 |
_aDPL _bEng |
||
| 082 | 0 | 4 |
_a658.4022 _222 |
| 100 | 1 |
_aFisher, Kimball _953347 |
|
| 245 | 1 | 0 |
_aManager's guide to virtual teams / _cby Kimball Fisher [and] Mareen Fisher |
| 260 |
_aNew Delhi _bTata McGraw-Hill _c2012 |
||
| 270 |
_a7 West Patel nagar _bNew Delhi _e110008 |
||
| 300 |
_axiv,224p. : _bill. _c24cm(pbk) |
||
| 490 | 1 |
_aBriefcase book _953348 |
|
| 500 | _aIncludes bibliographical references and index. | ||
| 505 | 0 | _aWhat is a virtual team? -- Managing space, time, and culture -- The seven competencies of effective virtual team leaders -- What virtual team employees need from their manager -- Bridging culture differences -- Starting up (or refocusing) a virtual team -- Building trust from a distance -- Using telephonic collaboration technologies -- Using videoconferencing and internet-based collaboration tools -- Improving the business IQ of team members -- Teaching finance fundamentals to virtual teams -- Improving communication and feedback skills -- Creative problem solving for virtual teams -- Managing performance from a distance -- Effective decision making over distance -- Virtual team building -- Maintaining a balanced personal and work life. | |
| 520 | 1 | _aA hands-on guide for managing people and projects working from home, on the road, or in client sites; covers every aspect of virtual management--motivation, building teams, meeting deadlines, file sharing, teleconferencing, email, coaching, and videoconferencing. | |
| 650 | 0 |
_aPersonnel management. _953349 |
|
| 650 | 0 |
_aTeams in the workplace. _953350 |
|
| 650 | 0 |
_aTelecommuting. _953351 |
|
| 650 | 0 |
_aVirtual work teams _xManagement. _953352 |
|
| 700 | 1 |
_aFisher, Mareen Duncan _953353 |
|
| 830 | 0 |
_aBriefcase book. _953354 |
|
| 942 |
_2ddc _cEN _h658.4022 _mFIS |
||
| 999 |
_c71082 _d71082 |
||